Pig keeping in the tropics. -- 4th ed. (Record no. 53640)

MARC details
000 -LEADER
fixed length control field 00844nam a2200241 a 4500
008 - FIXED-LENGTH DATA ELEMENTS--GENERAL INFORMATION
fixed length control field 100119s2002 ||||||||||||||||| || u
020 ## - INTERNATIONAL STANDARD BOOK NUMBER
International Standard Book Number 9077073051
050 ## - LIBRARY OF CONGRESS CALL NUMBER
Classification number CTA(08)AGR
100 ## - MAIN ENTRY--PERSONAL NAME
Personal name Muys, Dick
245 10 - TITLE STATEMENT
Title Pig keeping in the tropics. -- 4th ed.
Statement of responsibility, etc. by Dick Muys and Geert Westenbrink
250 ## - EDITION STATEMENT
Edition statement 4th ed.
260 ## - PUBLICATION, DISTRIBUTION, ETC.
Place of publication, distribution, etc. Wageningen, Netherlands
Name of publisher, distributor, etc. CTA
Date of publication, distribution, etc. 2002
300 ## - PHYSICAL DESCRIPTION
Extent 76p.: ill.
350 ## - PRICE (NR) (BK AM CF MU VM SE) [OBSOLETE]
Price 0.00
490 ## - SERIES STATEMENT
Series statement AGRODOK
500 ## - GENERAL NOTE
General note Agrodok-series No. 1
650 ## - SUBJECT ADDED ENTRY--TOPICAL TERM
Topical term or geographic name entry element SWINE--BREEDING--TROPICS
650 ## - SUBJECT ADDED ENTRY--TOPICAL TERM
Topical term or geographic name entry element AGRICULTURE
700 ## - ADDED ENTRY--PERSONAL NAME
Personal name Westenbrink, Geert
710 ## - ADDED ENTRY--CORPORATE NAME
Corporate name or jurisdiction name as entry element Agromisa Foundation
710 ## - ADDED ENTRY--CORPORATE NAME
Corporate name or jurisdiction name as entry element Technical Centre for Agricultural and Rural Cooperation (CTA)
995 ## - RECOMMENDATION 995 [LOCAL, UNIMARC FRANCE]
-- 0.00
-- CBU-MAIN LIBRARY (Kitwe)
-- 1
-- 0.00
-- 1
-- AVAILABLE
-- Mar 3, 2010
-- International Publications
Holdings
Withdrawn status Lost status Source of classification or shelving scheme Damaged status Not for loan Home library Current library Shelving location Date acquired Total Checkouts Full call number Barcode Date last seen Price effective from Koha item type
          CBU-MAIN LIBRARY, KITWE. CBU-MAIN LIBRARY, KITWE.   11/30/2022   CTA(08)AGR 740765 11/30/2022 11/30/2022 MONOGRAPH